Longman Introductory course for the TOEFL test (kèm đĩa CD)

Сохранить в:
Библиографические подробности
Главный автор: Phillips, Deborah
Формат:
Язык:Undetermined
Опубликовано: Tp. HCM Trẻ 2002
Предметы:
Метки: Добавить метку
Нет меток, Требуется 1-ая метка записи!
Thư viện lưu trữ: Trung tâm Học liệu Trường Đại học Cần Thơ
LEADER 00577nam a2200193Ia 4500
001 CTU_52235
008 210402s9999 xx 000 0 und d
020 |b 55000 
082 |a 428.0076 
082 |b P558 
100 |a Phillips, Deborah 
245 0 |a Longman Introductory course for the TOEFL test (kèm đĩa CD) 
245 0 |c Deborah Phillips 
260 |a Tp. HCM 
260 |b Trẻ 
260 |c 2002 
650 |a english language,english language 
650 |x examinations,textbooks for foreihn speakers 
980 |a Trung tâm Học liệu Trường Đại học Cần Thơ